| 000 | 01174nam a2200265 a 4500 | ||
|---|---|---|---|
| 001 | 001192208 | ||
| 003 | AM-YeHGA | ||
| 005 | 20250617162228.0 | ||
| 008 | 161124s1945 ru a||||r|||||001|0|rus|d | ||
| 040 | _aAM-YeHGA | ||
| 041 | 0 | _arus | |
| 100 | 1 | _aКристман, Владимир Иванович | |
| 245 | 1 | 0 |
_aВнутренние болезни, уход за больными и медицинская техника : _b[Учебник для школ медицинских сестер] / _cВ.И. Кристман. |
| 246 | 1 | 4 | _aВнутренние болезни |
| 250 | _a2-е изд. | ||
| 260 |
_a[Свердловск] : _bМедгиз. Свердловское отделение, _c1945. |
||
| 300 |
_a430, [2] с. : _bил. ; _c21 см. |
||
| 504 | _aБиблиогр. в примеч. | ||
| 650 | 1 | 4 | _aМедицина |
| 650 | 1 | 4 | _aПатология и частная терапия |
| 650 | 1 | 4 | _aКлиническая медицина |
| 650 | 1 | 4 | _aУход за больными, управление и организация |
| 653 | 0 | _aВнутренние болезни - Учебники и пособия | |
| 090 | _c488762 | ||
| 999 |
_c485393 _d485393 |
||